000 00986nam a2200229 i 4500
001 92701
003 ES-MaACL
005 20230906181034.0
007 t|
008 050419s1994 sp ||||1| spa d
020 _a84-89285-01-2
080 _a726.54(460.27 Alcalá)
245 0 0 _aLibro-guía del visitante de la ermita de San Isidro Labrador
_b: Alcalá de Henares : crónica de su última restauración /
_cMaría José Arnaiz ... [et al.].
260 _aAlcalá de Henares :
_bObispado de Alcalá de Henares :
_bAyuntamiento de Alcalá de Henares,
_c[1994]
300 _a158 p. :
_bil. ;
_c20 cm.
490 1 _aColección de guías artísticas de la diócesis de Alcalá de Henares ;
_v3
610 2 7 _aErmita de San Isidro Labrador (Alcalá de Henares)
_93506
700 1 _aArnáiz, María José.
_923020
830 0 _aColección de guías artísticas de la diócesis de Alcalá de Henares ;
_v3
_9232054
852 _aES-MaACL
_jE-11002
_bR.134965
999 _c92701
_d92701